Bangor International Airport Destinations (Bangor, ME, USA) - Statistics

General Stats
  • This quiz has been taken 80 times
    43 since last reset
  • The average score is 13 of 16
Answer Stats
Airline Destination % Correct
American Airlines/American Eagle Washington (National)
97%
Delta Air Lines Atlanta
93%
American Eagle/United Express Chicago (O'Hare)
93%
Delta Connection New York (JFK)
93%
American Eagle/Delta Connection New York (LaGuardia)
93%
Delta Connection Detroit
90%
American Airlines/American Eagle Philadelphia
90%
American Airlines/American Eagle Charlotte
86%
Breeze Airways Orlando
86%
Allegiant Air Orlando/Sanford
86%
United Express Newark
79%
Breeze Airways Tampa
69%
Allegiant Air Fort Lauderdale
66%
Breeze Airways Fort Myers
59%
Allegiant Air St. Petersburg/Clearwater
52%
Allegiant Air Punta Gorda (FL)
28%
No matching quizzes found
Score Distribution
Percent of People with Each Score
Percentile by Number Answered
Your Score History
You have not taken this quiz since the last reset